| 000 | 00840nam a2200229 i 4500 | ||
|---|---|---|---|
| 001 | 133323 | ||
| 003 | ES-MaACL | ||
| 005 | 20230906194357.0 | ||
| 007 | t| | ||
| 008 | 070214m19581959sp r ||||1| spa d | ||
| 100 | 1 |
_aRubio Sanjuán, Isidoro. _9100446 |
|
| 245 | 1 | 0 |
_aCompendio de resistencia de materiales _b: su aplicación a órganos de máquinas y a la construcción, con una introducción al cálculo del hormigón armado / _cpor I. Rubio Sanjuán. |
| 250 | _a5ª ed. corr. y ampl. | ||
| 260 |
_aBarcelona [etc.] : _bLabor, _c1958-59. |
||
| 300 |
_a2 t. ; _c22 cm. |
||
| 490 | 1 | _aPublicaciones técnicas Labor | |
| 650 | 4 |
_aResistencia de materiales. _9136826 |
|
| 650 | 4 |
_aHormigón armado. _9155789 |
|
| 830 | 0 |
_aPublicaciones técnicas Labor _9186926 |
|
| 852 |
_aES-MaACL _jC-15984-5 _bR.42843 |
||
| 999 |
_c133323 _d133323 |
||